| 000 | 01119nam a22002537a 4500 | ||
|---|---|---|---|
| 005 | 20100729153810.0 | ||
| 010 | _aHIN-89893 | ||
| 020 |
_c175.00 _a9788170637479 |
||
| 035 | _aHN-62239 | ||
| 037 | _bDBAD / PUB | ||
| 082 | _aक | ||
| 100 |
_aपंत, गोविन्द वल्लभ _923941 |
||
| 245 |
_aतीस कहानियाँ / _cगोविन्द वल्लभ पंत |
||
| 246 |
_aTees Kahaniyan _bby Govind Vallabh Pant |
||
| 250 | _a5वा संस्क. | ||
| 260 |
_aनई दिल्ली _bआर्य बुक डिपो _c2009 |
||
| 270 |
_a30, नाईवाला, करोलबाग _bनई दिल्ली _e110005 _k011-28751221 / 0159 / 1223 _l011-28756324 |
||
| 300 |
_a212पृ. _c18सेमी (सजिल्द) |
||
| 650 |
_bलघु कथाएँ, हिन्दी _91169 |
||
| 650 |
_bShort Stories, Hindi _923942 |
||
| 700 | _92325 | ||
| 942 |
_2ddc _cHN _hक _mपंतगो |
||
| 999 |
_c38185 _d38185 |
||